000 00211 a2200097 4500
001 9355
100 _aGasson, J D N
245 _aMaths for technical students.
260 _a
_bCambridge
_c
090 _c7518
_d7518
942 _aNUST-CAE
_cM
_c34176
999 _c244428
_d244428